Mon 11 de légende asiatique - Statistiques

Statistiques générales
  • Ce quiz a été pris 64 fois
  • Le résultat moyen est 4 sur 11
Statistiques - réponses
indice Joueur % Correct
Ailier gaucheCorée du Sud, Tottenham Heung-min Son
98%
Défenseur droitJapon, Olympique de Marseille Hiroki Sakai
85%
Milieu OffensifCorée du sud, Manchester United Ji-sung Park
79%
Défenseur centralCorée du sud, SSC Napoli Kim Min-Jae
79%
Défenseur centralJapon, Southampton Maya Yoshida
28%
Milieu OffensifJapon, Bellmare Hiratsuka Hidetoshi Nakata
26%
ButeurIran, Hertha Berlin Ali Daei
15%
Ailier droitArabie saoudite, Al Shabab Saeed Al-Owairan
13%
Milieu OffensifJapon, Yokohama F. Marinos Shunsuke Nakamura
8%
Gardien de butArabie Saoudite, Al Hilal Mohammed Al-Deayea
2%
Défenseur gaucheChine, Manchester City Sun Jihai
2%
Aucun quiz correspondant
Distribution des résultats
% des personnes avec chaque résultat
Percentile par nombre de réponses
Votre historique - résultats
Vous n’avez pas pris ce quiz